Land Registry, Met Office and Ordnance Survey become part of the BIS family (Record no. 83285)

MARC details
000 -LEADER
fixed length control field 00995cad a22002055a 4500
001 - CONTROL NUMBER
control field L153422
008 - FIXED-LENGTH DATA ELEMENTS--GENERAL INFORMATION
fixed length control field 110722s2011 xxk 000 0 eng d
035 ## - SYSTEM CONTROL NUMBER
System control number (Sirsi) u153422
041 0# - LANGUAGE CODE
Language code of text/sound track or separate title eng
110 2# - MAIN ENTRY--CORPORATE NAME
Corporate name or jurisdiction name as entry element United Kingdom
Subordinate unit Department for Business, Innovation and Skills
9 (RLIN) 5760
245 00 - TITLE STATEMENT
Title Land Registry, Met Office and Ordnance Survey become part of the BIS family
Medium [electronic resource]
260 ## - PUBLICATION, DISTRIBUTION, ETC.
Place of publication, distribution, etc. London
Name of publisher, distributor, etc. DBIS
Date of publication, distribution, etc. 2011
490 ## - SERIES STATEMENT
Series statement BIS Press Release
Volume/sequential designation 18 July 2011
520 ## - SUMMARY, ETC.
Summary, etc. Prime minister announced that responsibility for the Land Registry, Met Office and Ordnance Survey will pass to the Department for Business, Innovation and Skills. This marks a significant step towards the establishment of a Public Data Corporation.
590 ## - LOCAL NOTE (RLIN)
Local note KA NTK
651 #4 - SUBJECT ADDED ENTRY--GEOGRAPHIC NAME
Geographic name United Kingdom
Chronological subdivision
690 ## - LOCAL SUBJECT ADDED ENTRY--TOPICAL TERM (OCLC, RLIN)
Topical term or geographic name as entry element MANAGEMENT-BUSINESS MANAGEMENT
856 40 - ELECTRONIC LOCATION AND ACCESS
Uniform Resource Identifier <a href="https://nds.coi.gov.uk/content/Detail.aspx?ReleaseID=420446&NewsAreaID=2">https://nds.coi.gov.uk/content/Detail.aspx?ReleaseID=420446&NewsAreaID=2</a>
Public note View the news release free of charge at nds.coi.gov.uk
942 ## - ADDED ENTRY ELEMENTS (KOHA)
Suppress in OPAC 0
Holdings
Withdrawn status Lost status Source of classification or shelving scheme Damaged status Not for loan Home library Current library Shelving location Date acquired Total Checkouts Full call number Barcode Date last seen Copy number Price effective from Koha item type
    Dewey Decimal Classification     Virtual Virtual Online 22/07/2011   ONLINE PUBLICATION 153422-2001 06/08/2019 1 06/08/2019 Journal article